[Event "Oberliga Bayern 9495"]
[Site "Bayern"]
[Date "1995.??.??"]
[Round "?.1"]
[White "Milov, Leonid"]
[Black "Gdanski, Jacek"]
[Result "1-0"]
[WhiteElo "2520"]
[BlackElo "2505"]
[Annotator "Bulletin"]
[PlyCount "89"]
[EventDate "1994.10.09"]
[EventType "team-tourn"]
[EventRounds "9"]
[EventCountry "GER"]
[SourceTitle "EXT 1999"]
[Source "ChessBase"]
[SourceDate "1998.11.16"]
[SourceVersion "1"]
[SourceVersionDate "1998.11.16"]
[SourceQuality "1"]
[WhiteTeam "Nuernberg SC NT 1873"]
[BlackTeam "Hof SK"]
[WhiteTeamCountry "GER"]
[BlackTeamCountry "GER"]

1. Nf3 Nf6 2. g3 d5 3. c4 d4 4. Bg2 c5 5. b4 cxb4 6. a3 bxa3 7. Bxa3 Nc6 8. O-O
e5 9. Bxf8 Kxf8 10. d3 g6 11. Nbd2 Kg7 12. Qb3 Rb8 13. Rfb1 h6 14. Ne1 Bg4 15.
Ne4 Re8 (15... Nxe4 16. Bxe4 Bxe2 $17) 16. Qa3 Bxe2 17. Nd6 e4 18. Nxe8+ Qxe8
19. Rb2 Bg4 20. dxe4 Ne5 21. Qc5 Nc6 22. f3 Be6 23. Nd3 Nd7 24. Qb5 a6 25. Qa4
Qe7 26. f4 Nc5 27. Nxc5 Qxc5 28. Qa3 Qxa3 29. Rxa3 Bxc4 30. Kf2 a5 31. Rb6 Rd8
32. Ke1 Ba6 (32... Rd7 $142) 33. Kd2 Rc8 34. Ra1 Nb4 35. Rc1 Rd8 (35... Rxc1
36. Kxc1 Nd3+ 37. Kd2 Nc5 $10) 36. Rc5 $1 $16 a4 $4 37. Rxb4 a3 38. Ra4 Rd6 39.
Rxa3 Rb6 40. Ra2 Rb3 41. Rxa6 bxa6 42. Bf1 a5 43. Rxa5 Rb2+ 44. Kd3 Rxh2 45.
Kxd4 1-0

[Event "URS-ch46 First League"]
[Site "Ashkhabad"]
[Date "1978.??.??"]
[Round "13"]
[White "Kochyev, Alexander"]
[Black "Kupreichik, Viktor D"]
[Result "1-0"]
[WhiteElo "2555"]
[BlackElo "2490"]
[Annotator "Bulletin"]
[PlyCount "135"]
[EventDate "1978.10.??"]
[EventType "tourn"]
[EventRounds "17"]
[EventCountry "URS"]
[EventCategory "10"]
[SourceTitle "MCL"]
[Source "ChessBase"]
[SourceDate "1999.07.01"]
[SourceVersion "1"]
[SourceVersionDate "1999.07.01"]
[SourceQuality "1"]

1. Nf3 d5 2. c4 d4 3. g3 $1 (3. e3 $10) 3... Nc6 4. Bg2 e5 5. O-O Nf6 6. d3 Nd7
7. Na3 Be7 8. Nc2 O-O 9. e3 Bf6 10. exd4 exd4 11. b4 Nde5 12. Nxe5 Nxe5 13. Bf4
a5 14. Bxe5 $1 Bxe5 15. b5 Bd6 16. Bd5 Bc5 17. Qf3 Rb8 18. Rfe1 Qg5 19. Re4 h5
20. Nxd4 Bg4 21. Qf4 Qxf4 22. Rxf4 Rbd8 23. Nb3 Bd6 24. Re4 Bf3 25. Rh4 Bg4 (
25... g5 26. Bxf3 gxh4 27. Nxa5 Bb4 28. Nxb7 Rxd3 $16) 26. Nxa5 Be5 27. Rxg4
hxg4 (27... Bxa1 28. Rf4 $16) 28. Rd1 Ra8 29. Nxb7 Bd4 30. c5 Rfe8 31. b6 Re5
32. Bb3 cxb6 33. c6 Rf5 34. Rd2 Rf6 35. Rc2 Rc8 36. Bd5 Rc7 37. a4 Kf8 38. Kg2
g6 39. f3 Rf5 40. Be4 gxf3+ 41. Bxf3 Be5 42. Rc4 {/\ d4 +-} Bf6 43. Nd6 Ra5 44.
Nb5 $18 Rxb5 45. axb5 Be5 46. d4 Bd6 47. Ra4 Rc8 48. Ra2 Bc7 49. h4 Ke7 50. g4
Rd8 51. Ra7 Kd6 52. h5 Rg8 53. Kf2 Re8 54. Ra1 Rf8 55. Ke3 Re8+ 56. Kd3 Rg8 57.
Rf1 Ke6 58. Bd1 Ke7 59. Bb3 Rf8 60. Ke4 f5+ 61. gxf5 gxh5 62. Rg1 Re8 63. Be6
Kd6 64. d5 h4 65. Rg7 h3 66. Rd7+ Kc5 67. Rxc7 Rh8 68. Ra7 1-0

[Event "ROM-chT"]
[Site "Baile Tusnad"]
[Date "1997.??.??"]
[Round "?"]
[White "Suba, Mihai"]
[Black "Varga, Z."]
[Result "1/2-1/2"]
[WhiteElo "2535"]
[BlackElo "2455"]
[Annotator "Bulletin"]
[PlyCount "69"]
[EventDate "1997.??.??"]
[EventType "team"]
[EventRounds "5"]
[EventCountry "ROU"]
[SourceTitle "EXT 1999"]
[Source "ChessBase"]
[SourceDate "1998.11.16"]
[SourceVersion "1"]
[SourceVersionDate "1998.11.16"]
[SourceQuality "1"]

1. Nf3 d5 2. c4 d4 3. a3 a5 4. e3 c5 5. exd4 cxd4 6. Bd3 Nc6 7. O-O Nf6 8. Re1
g6 9. Bf1 Bg7 10. d3 O-O 11. Nbd2 Nd7 12. Rb1 a4 13. b4 axb3 14. Nxb3 e5 15.
Qe2 h6 16. g3 Qc7 17. Bg2 Nb6 18. Nc5 Ra5 19. Nxb7 Bxb7 20. Qb2 Ra6 21. c5 Na4
22. Qxb7 Qxb7 23. Rxb7 Nxc5 24. Rc7 Nxd3 25. Rd1 e4 $2 (25... Nxc1 $17 26. Rxc1
Nd8) 26. Bf1 $1 Rb6 27. Bxd3 exd3 28. Rxd3 Rd8 29. h4 Bf8 30. Bf4 Ra8 31. Ne5
Nxe5 32. Bxe5 Bd6 33. Bxd6 Rxd6 34. Rc4 Rda6 35. Kg2 1/2-1/2

[Event "World U20-ch22"]
[Site "Belfort"]
[Date "1983.08.18"]
[Round "6"]
[White "Condie, Mark L"]
[Black "Dlugy, Maxim"]
[Result "0-1"]
[WhiteElo "2345"]
[BlackElo "2450"]
[Annotator "Bulletin/Primel,D"]
[PlyCount "62"]
[EventDate "1983.08.12"]
[EventType "swiss"]
[EventRounds "13"]
[EventCountry "FRA"]
[SourceTitle "EXT 2015"]
[Source "ChessBase"]
[SourceDate "2014.11.20"]
[SourceVersion "1"]
[SourceVersionDate "2014.11.20"]
[SourceQuality "1"]
[TimeControl "40/9000:16/5400:0"]

1. Nf3 d5 2. c4 dxc4 3. Qa4+ {Une suite tranquille qui ne pose pas trop de
problèmes aux Noirs} Nc6 {[%cal Ge7e5]} (3... Nd7) (3... c6 4. Qxc4 b5 5. Qc2
Bb7 6. d4 e6 {Transpose sur une Slave}) 4. g3 g6 5. Bg2 Bg7 6. Qxc4 Nf6 (6...
e5 {[%csl Gd4]} 7. Ng5 Nh6 $13 {Markowski,T (2568)-Shirov,A (2746) Rubinstein
Memorial 37th 2000 (3) 0-1}) 7. Nc3 O-O 8. O-O (8. d4 $142 {Transpose dans une
Grunfeld} Be6 {Pachman,L (2515)-Kiffmeyer,C (2320) GER-chT N 7778 1977 (4.1)
0-1}) 8... Nd7 9. d3 Nb6 10. Qh4 {[%cal Gc1h6]} e5 $1 {Pare la menace Bh6} 11.
Bg5 f6 12. Bh6 g5 $1 13. Qh5 Be6 {[%csl Rh5][%cal Ge6f7]} 14. Bxg7 Kxg7 $15 15.
h4 h6 16. Nh2 Bf7 (16... Qd7 {[%csl Gg4]} 17. Be4 Bf7) 17. Qg4 Qe7 18. hxg5
hxg5 19. f4 Be6 $1 20. f5 Bd5 21. e4 $2 {[%csl Rd3]} (21. Bxd5 Nxd5 22. Nxd5
Qc5+ 23. Kg2 Qxd5+ 24. Nf3 $11 {Et les chances sont réciproques}) 21... Bf7
22. Nf3 Rh8 23. Nxg5 Qc5+ 24. d4 Qxd4+ 25. Rf2 fxg5 26. Qxg5+ Kf8 27. Nd5 $2 (
27. f6 Rg8 28. Qh6+ Ke8 29. Rd1) 27... Nxd5 28. exd5 Nb4 29. d6 cxd6 30. Qf6
Rh7 31. Raf1 Nd3 0-1

[Event "Biel Suri Memorial"]
[Site "Biel"]
[Date "2014.07.21"]
[Round "7"]
[White "Hou, Yifan"]
[Black "Wojtaszek, Radoslaw"]
[Result "1/2-1/2"]
[WhiteElo "2629"]
[BlackElo "2733"]
[Annotator "CB"]
[PlyCount "105"]
[EventDate "2014.07.14"]
[EventType "tourn"]
[EventRounds "10"]
[EventCountry "SUI"]
[EventCategory "19"]
[SourceTitle "CBM 162"]
[Source "ChessBase"]
[SourceDate "2014.09.17"]
[SourceVersion "1"]
[SourceVersionDate "2014.09.17"]
[SourceQuality "1"]

1. Nf3 d5 2. g3 c5 3. c4 d4 4. e3 {Hou Yifan plays the Benoni as black, and
now she has an extra tempo; but that doesn't mean she has any kind of
advantage.} Nc6 5. exd4 cxd4 6. Bg2 e5 7. O-O Nf6 8. d3 Nd7 {A solid approach,
which makes sense consdering the tempo deficit.} 9. Na3 Be7 10. Nc2 O-O 11. Rb1
a5 12. b3 Rb8 {Somewhere around here Black must have gone wrong as White's
a3-b4 pawn push was obvious and effective.} 13. Re1 Re8 (13... f6 14. a3 Nb6
$13) 14. a3 Qc7 15. b4 axb4 16. axb4 b5 17. Nfxd4 $5 {Hou Yifan plays a strong
idea! This tactically works and puts Black in trouble.} exd4 18. Bf4 Nce5 19.
Nxd4 {Black is very tied up.} bxc4 (19... g5 20. Bxe5 Nxe5 21. Nxb5 Rxb5 22.
cxb5 {gives Black good hope of stopping the pawns, but White is better.}) 20.
Nc6 $1 c3 21. Qa4 (21. d4 $18) 21... Rb6 22. Bxe5 Nxe5 23. Rxe5 Be6 24. Rbe1
Bf6 25. R5e3 Rf8 26. b5 Qd6 27. d4 c2 28. Be4 Bd5 29. Qxc2 $2 (29. Bxd5 $1 Qxd5
30. Re8 {is surprisingly hard to deal with. The backrank is too weak.}) 29...
Bxe4 30. Rxe4 Rxb5 31. Re8 g6 32. Qc4 Qd5 33. Rxf8+ Kxf8 34. Rc1 Qxc4 35. Rxc4
{The endgame is closer to a draw than a White win.} h5 36. Kg2 Rb3 37. Nb4 Kg7
38. Nc2 h4 39. Kf1 Rb1+ 40. Kg2 Rd1 41. Kf3 Rd2 42. h3 Rd3+ 43. Kg4 Rd2 44. Kf3
Rd3+ 45. Kg2 hxg3 46. fxg3 Kg8 47. h4 Kg7 48. Kh3 Be7 49. Ne1 Rb3 50. Rc6 Bf6
51. Rd6 Re3 52. Nc2 Rd3 53. Kg4 1/2-1/2

[Event "Buenos Aires"]
[Site "Buenos Aires"]
[Date "1980.??.??"]
[Round "?"]
[White "Panno, Oscar"]
[Black "Timman, Jan H"]
[Result "1/2-1/2"]
[WhiteElo "2540"]
[BlackElo "2600"]
[Annotator "Chekhov,V"]
[PlyCount "94"]
[EventDate "1980.10.15"]
[EventType "tourn"]
[EventRounds "13"]
[EventCountry "ARG"]
[EventCategory "13"]
[SourceTitle "MCL"]
[Source "ChessBase"]
[SourceDate "1999.07.01"]
[SourceVersion "1"]
[SourceVersionDate "1999.07.01"]
[SourceQuality "1"]

1. Nf3 c5 2. c4 Nf6 3. g3 Nc6 4. Bg2 d5 5. O-O d4 (5... e5 6. Qa4 Bd6 7. Ng5 b5
(7... Nd7 8. Bxd5 Qxg5 9. Bxc6 bxc6 10. Qxc6 $18) 8. cxb5 Ne7 9. Nc3 $14 {
Kovacevic}) 6. e3 e5 7. exd4 exd4 8. d3 Be7 9. Bf4 O-O 10. Ne5 Nxe5 11. Bxe5
Ng4 (11... Nd7 $5 $10) 12. Bf4 (12. Bxb7 Nxf2 $1) 12... Bd6 13. h3 (13. Bxd6
Qxd6 14. Nd2 Ne5 15. Ne4 Qc7 16. h3 (16. f4 Ng4) 16... f5 $36 {/\ f4}) 13...
Nf6 (13... Bxf4 14. hxg4 Bd6 15. Nd2 {/\ Ne4,f4-f5}) 14. Bg5 (14. Bxd6 Qxd6 15.
Nd2 Rb8 $10 (15... Bf5 $5)) 14... h6 15. Bxf6 Qxf6 16. Nd2 Qg6 17. Re1 Kh8 (
17... Qxd3 $4 18. Ne4 $18) (17... f5 $5) 18. Ne4 Be7 19. f4 Bd7 20. Kh2 Rae8
$15 21. Nf2 Bd8 22. Qf3 (22. Bxb7 Qb6 {/\ Qb2}) 22... Bc8 (22... Bc6 23. Qg4) (
22... b6 23. Qb7) 23. Qd5 Bb6 (23... Re3 $2 24. Rxe3 dxe3 25. Qxc5) 24. a3 Re3
25. Rxe3 dxe3 26. Ng4 Be6 (26... Bxg4 27. hxg4 Qxg4 28. Re1 Re8 (28... e2 29.
Bf3) 29. Qxf7) 27. Ne5 (27. Qxb7 Qxd3 {/\ e2,Bc4}) (27. Qd6 Rd8) 27... Bxd5 28.
Nxg6+ fxg6 29. Bxd5 Ba5 30. Bf3 g5 31. Kg2 $6 (31. b4 Bb6 32. Re1 gxf4 33. gxf4
Rxf4 34. Bxb7 (34. Rxe3 cxb4 35. Re8+ Kh7 36. Be4+ (36. Kg3 Bc7) 36... Rxe4 37.
Rxe4 bxa3 38. Re2 Bd4 $19 {/\ Bb2}) 34... Rf2+ 35. Kg3) 31... gxf4 32. gxf4
Rxf4 33. b4 cxb4 $6 (33... Bb6 $5 34. Re1 cxb4 35. axb4 Bd4 36. Bxb7 Rf2+ 37.
Kg3 h5 $1 {/\ g5,Be5}) 34. axb4 Bxb4 35. Rxa7 b6 36. Ra8+ Kh7 37. Re8 Bc5 (
37... Bd2 38. Re6 Rf6 39. Be4+ Kg8 40. Rxf6 gxf6 (40... e2 41. Rf1) 41. Kf3 Kf7
42. d4 $10 {/\ c5}) 38. Re4 $1 $10 Rxe4 (38... Rf7 39. d4) 39. Bxe4+ g6 40. Kf3
Kg7 41. Bc6 Kf6 42. Bd5 (42. Be8 $1) 42... Kg5 (42... g5 43. Bc6 h5 44. Bd7 g4+
$140 45. hxg4 h4 46. g5+ Kxg5 47. Bh3 $10) 43. Bf7 h5 44. Be8 Kf6 45. Ke2 Kg7
46. Kf3 Kh6 47. Ba4 Kg5 (47... g5 48. Bd7) (47... Kg5 48. Be8) 1/2-1/2

[Event "Montreal International"]
[Site "Montreal"]
[Date "1979.04.11"]
[Round "1"]
[White "Larsen, Bent"]
[Black "Ljubojevic, Ljubomir"]
[Result "0-1"]
[WhiteElo "2620"]
[BlackElo "2590"]
[Annotator "ChessBase"]
[PlyCount "52"]
[EventDate "1979.04.11"]
[EventType "tourn"]
[EventRounds "18"]
[EventCountry "CAN"]
[EventCategory "15"]
[SourceTitle "MCL"]
[Source "ChessBase"]
[SourceDate "1999.07.01"]
[SourceVersion "1"]
[SourceVersionDate "1999.07.01"]
[SourceQuality "1"]

1. Nf3 c5 2. g3 d5 3. c4 dxc4 4. Na3 Nc6 5. Nxc4 f6 6. Bg2 {>= e3, d4} e5 7.
O-O Nge7 8. d3 Be6 9. Nfd2 Nd5 10. Ne4 Be7 11. f4 (11. Ne3 Qd7 12. Nc3 Nb6 13.
b3 Nd4 14. Ba3 Rc8 15. Rc1 {Kashdan-Nimzowitsch/Bled/1931/}) 11... f5 $1 (11...
exf4 $143 12. gxf4 f5 13. Ng3) 12. Ng5 $6 (12. Nc3) (12. Nf2) 12... Bxg5 13.
fxg5 O-O 14. e4 $6 {Weakening his pawns} (14. Ne3 $5) 14... Ndb4 15. exf5 Rxf5
$1 (15... Bxf5 16. Rxf5 $1 Rxf5 17. Be4) 16. Rxf5 (16. Be4 $2 Rxf1+ 17. Qxf1
Bxc4 18. dxc4 Qd4+) 16... Bxf5 17. Ne3 (17. Be3 $1 {Tal}) 17... Qd4 $1 $17 18.
a3 Nxd3 19. Qb3+ Kh8 20. Qxb7 $2 (20. Bd2 $1) 20... Rb8 $19 21. Qxc6 Nxc1 22.
Qf3 Bg4 $1 (22... Qxb2 23. Nxf5 Ne2+ 24. Kh1 Qxa1+ $19) 23. Qf2 Nd3 24. Qd2
Rxb2 25. Rf1 g6 26. Bd5 Bf5 0-1

[Event "Prague Masters 1st"]
[Site "Prague"]
[Date "2019.03.07"]
[Round "2.5"]
[White "Duda, Jan Krzysztof"]
[Black "Laznicka, Viktor"]
[Result "1-0"]
[WhiteElo "2731"]
[BlackElo "2670"]
[Annotator "Duda,Jan Krzysztof"]
[PlyCount "81"]
[EventDate "2019.03.06"]
[EventType "tourn"]
[EventRounds "9"]
[EventCountry "CZE"]
[EventCategory "19"]
[SourceTitle "CBM 189"]
[Source "ChessBase"]
[SourceDate "2019.04.29"]
[SourceVersion "1"]
[SourceVersionDate "2019.04.29"]
[SourceQuality "1"]

{Prior to this game, I had had a teribble 0.5/3 against Victor, and obviously
wanted a revenge.} 1. Nf3 d5 2. c4 d4 3. b4 {Probably it couldn't come much as
a surprise, because I have started with the Nf3-c4 move order quite often, and
even played 3.b4 twice myself. Nevertheless my opponent slowed down, boosting
my confidence a bit.} Bg4 4. Qb3 Bxf3 5. Qxf3 c6 (5... e5 $6 {feels entirely
incorrect. After} 6. Qxb7 Nd7 7. g3 (7. a3 $5) 7... Rb8 8. Qxa7 Bxb4 9. Bg2
Ngf6 10. O-O O-O 11. d3 {Black didn't have much for a missing pawn, 1-0 (28)
Howell,D (2689)-Tregubov,P (2588), Douglas ENG 2018.}) 6. g3 e5 {[#]} 7. b5 $1
$146 {One of the key ideas. Firstly White doesn't lose time to protect his
hanging pawn, and secondly this move is creating good prospects on the
diagonal h1-a8 for the light-squared bishop, the one which doesn't have
opposition.} Nf6 8. Bg2 Be7 {There are many ways for Black to develop pieces,
but in all cases White should be a bit better.} 9. d3 (9. O-O {was perhaps a
touch more accurate, not fearing} e4 10. Qf4) 9... O-O (9... Qa5+ {This is an
extra option after I played 9.d3.} 10. Nd2 Bb4 11. a4 $5 O-O 12. Ra2 {is what
I was going to play and it's good enough for a minimal edge}) 10. O-O $14 a6
11. Nd2 (11. bxc6 $1 {is more accurate than the text.}) 11... Qc7 (11... axb5
$1 {This is the only way for Black to get some active piece play. Apparently
we both thought that White is somewhat better here, but as usual the engine
disagrees:} 12. cxb5 Qc7 13. bxc6 Nxc6 14. Nc4 {this was my idea with '+=', but
} Rfd8 $132 {Black also has his own play, one plan being Nd5-Nc3, probably
with dynamic equality.}) 12. bxc6 Nxc6 {[#] Here I was pleased with my
position, but couldn't find a satisfying way. Eventually I went for the useful}
13. h4 {with likely g4-g5 to come.} ({Now I can't really recall why I rejected
the 'self-playing' move} 13. Rb1) ({or the less sophisticated} 13. g4 {,
either way White is slightly better.}) 13... Rab8 14. Rb1 Nd8 15. Ne4 {Now it
seems is a proper time to play Ne4, with Black having his knight on d8, where
the exchange of knights looks less appealing for Black.} Nd7 16. Bg5 $1 {
[#] Kind of a disturbing move.} f6 (16... Re8 {Now f5 is no longer an option.})
17. Bd2 f5 {Otherwise the weakness of the light squares may tell...} 18. Ng5
Kh8 (18... h6 $2 19. Qh5 $1 $16 {and the knight is taboo, and White's storm is
coming.}) 19. g4 ({I was quite tempted to play} 19. Nxh7 Kxh7 20. Qh5+ Kg8 21.
Bd5+ Nf7 {but couldn't find a good follow-up.}) (19. e3 $5 {was an interesting
alternative suggested by Victor after the game. It looks sensible to open up
the position with the bishop pair.}) 19... f4 {A good move, which stops
White's offensive. However, it has the positional drawback that it weakens
light squares and the evergreen e4-square. Well, in bad positions, you often
have to choose between bad or worse... Now the game becomes a pure positional
one, with a lot of maneouvres.} 20. Ne4 Ne6 21. g5 Ndc5 22. Nxc5 (22. Qg4 $5
Nxe4 $140 $4 23. Bxe4 Nc5 24. Bxh7 $1 $18) 22... Nxc5 23. Bb4 {[#] Exchanging
Black's only active piece!} b6 $6 (23... e4 $1 {This would have been a huge
shock for me!! What's more, Victor saw this move, but had a bad idea behind it.
} 24. dxe4 b6 $5 $44 {It's very mysterious that the computer likes so much the
positional pawn sacrifice... Times clearly have changed!} (24... d3 $2 {
was Victor's creative idea, but unfortunately it is not worth two pawns. After}
25. exd3 Rbd8 26. Rfd1 Ne6 27. Bc3 Bc5 28. e5 $1 $16 {White is clearly for
preference, but Black is not dead lost yet obviously.})) 24. Qc6 $1 Qa7 (24...
Rfc8 25. Qxc7 Rxc7 {and here I even have a choice what kind of endgame I want
to play.}) 25. Bxc5 Bxc5 26. Qe6 {I was a bit disappointed that I had to move
my nice queen, because I wanted it to be exchanged on b7! I knew, however,
that this was not very likely to happen, and clearly the best setup for White
is to have Be4-Qf3!} (26. Be4 $6 Qe7 {and queen is cut.}) 26... Rbe8 (26... Qe7
{was an offer to play the endgame, which was a very depressing one for Black.
We both weren't really sure if it is a win or a fortress, but hardly anyone
would be willing to trade queens. Now with some help of computer I dare to say
the endgame is indeed winning for White, here are some sample lines:} 27. Qxe7
Bxe7 28. Be4 Bc5 (28... f3 $2 29. exf3 Rf4 30. a4 $1 a5 31. Rb5 $18) (28... h6
29. Kg2) 29. Kg2 {The problem is that Black's king is in fact stuck on the
back rank, which gives White some additional tactical motifs.} Rfe8 (29... g6
30. Kf3 Kg7 31. h5 $18) 30. Kf3 Rbd8 (30... Kg8 31. Rb3 Re7 32. Rfb1 Ree8 33.
a4 a5 34. Rb5 Rec8 35. h5 Rd8 36. Bd5+ Kf8 37. Ke4 Re8 38. Bc6 Rec8 39. Bd7 Rd8
40. Bf5 $18) 31. Rb3 Rd6 32. h5 Re7 33. Rfb1 Re8 34. a4 a5 35. Rb5 Rc8 36. g6
$1 h6 37. Bf5 Rcd8 38. Rxc5 bxc5 39. Rb5 $18) 27. Qh3 Qe7 28. Bc6 Rd8 29. Kg2
Rd6 (29... f3+ {I thought my opponent may like to play this, to get some kind
of activity, but of course it's not easy to decide for such a step because
Black basically sacrifices a pawn for free.} 30. exf3 $5 (30. Bxf3 Rf4 31. Be4
Rdf8 32. f3 Qd6 33. Rg1 Bb4 34. Kh1 Bc5 35. Rg4 $16) 30... Rf4 31. Rfe1 Rdf8
32. Bd5 Qd6 33. Re4 $16) 30. Be4 Qe8 31. Qf3 $16 {[#] White is obviously
better but how to make future progress? Luckily I didn't have it to figure out,
as my opponent errs badly.} Rf7 $4 {In fact a losing mistake, because now
Black is forced to play g6, which is an irreversible weakness and a 'hook' for
White's future invasion.} 32. Qh5 $1 g6 33. Qf3 h5 {Otherwise White will push
h5 himself after some preparations.} 34. gxh6 Rh7 35. Rh1 $1 Rxh6 36. Rbg1 $1
$18 {An efficient setup} Re6 37. Qg4 Re7 38. Kf3 $5 {I knew that Kf1 would
probably be simpler (not allowing any potential checks), but I truly enjoyed
playing Kf3. Also in theory the king here is better suited for the endgame,
but how can Black exchange queens?} Rg7 39. Qg5 Rh5 {[#]} 40. Qf6 {After the
game, I was very angry with myself about having played this move.} ({The point
is I could have won 'in style' with} 40. Bxg6 $1 {but what I miscalculated is
that after} Qa8+ 41. Be4 Rgxg5 42. hxg5 $1 Qe8 43. g6 Rxh1 {White has} 44. g7+
$1 Kg8 45. Bd5+ Kh7 46. g8=Q+ Qxg8 47. Rxh1+ $18 {and curtains.}) 40... Qe7 (
40... Be7 41. Qxb6 $18) (40... Kh7 41. Rxg6 Rxg6 42. Rg1 Rhh6 43. h5 $18) 41.
Rxg6 1-0